000 01272nam a2200313 4500
001 113469
003 DR-UNIBE
005 20260213153241.0
008 250422b2001 dr ||||| |||| 00| 0 spa d
020 _a999348167X
020 _a9789993481676
040 _aBIBLIOTECA UNIBE
_bspa
_cBIBLIOTECA UNIBE
041 _aspa
082 _222
_aRD 347.7293016 R425m
110 1 _aRepública Dominicana.
_bSuprema Corte de Justicia. Escuela Nacional de la Judicatura
_9194467
245 _aManual descriptivo de procedimientos de los juzgados de paz
250 _aPrimera edición
260 _aSanto Domingo :
_bEscuela Nacional de la Judicatura,
_c2001
300 _a281 páginas :
_bilustraciones ;
_c28 cm
490 _aBiblioteca básica del juez de paz ;
_v2
650 7 _2lemb
_aJueces de paz
_zRepública Dominicana
_vManuales
_9202408
650 7 _2lemb
_aJuzgados correccionales
_vManuales
_9202409
650 4 _aJuzgados de paz
_xOrganización
_vManuales
_9202410
650 7 _aAdministración de justicia
_2lemb
_zRepública Dominicana
_98552
655 7 _2lemb
_aManuales
_9194534
700 _aSubero Isa, Jorge A.,
_d1947-
_eprologuista
_915642
700 1 _aCastellanos Estrella, Víctor José
_ecompilador
_epresentación
_eintroducción
_929257
942 _2ddc
_cBK
999 _c113469
_d113469